IT manager's handbook : (Record no. 24501)
[ view plain ]
| 000 -LEADER | |
|---|---|
| fixed length control field | 00563nam a2200193 a 4500 |
| 005 - DATE AND TIME OF LATEST TRANSACTION | |
| control field | 20140310183525.0 |
| 008 - FIXED-LENGTH DATA ELEMENTS--GENERAL INFORMATION | |
| fixed length control field | 111003s19uu xx 00 eng d |
| 020 ## - INTERNATIONAL STANDARD BOOK NUMBER | |
| International Standard Book Number | 9780123751102 |
| 050 ## - LIBRARY OF CONGRESS CALL NUMBER | |
| Classification number | HD 30.2 |
| Item number | .H656 2010 |
| 100 ## - MAIN ENTRY--PERSONAL NAME | |
| Personal name | Holtsnider, Bill |
| 245 ## - TITLE STATEMENT | |
| Title | IT manager's handbook : |
| Remainder of title | the business edition / |
| Statement of responsibility, etc | Bill Holtsnider and Brian Jaffe. |
| 260 ## - PUBLICATION, DISTRIBUTION, ETC. (IMPRINT) | |
| Place of publication, distribution, etc | Amsterdam : |
| Name of publisher, distributor, etc | Elsevier, |
| Date of publication, distribution, etc | 2010. |
| 300 ## - PHYSICAL DESCRIPTION | |
| Extent | 364 p. : |
| Dimensions | 24 cm. |
| 521 ## - TARGET AUDIENCE NOTE | |
| Target audience note | |
| 650 ## - SUBJECT ADDED ENTRY--TOPICAL TERM | |
| Topical term or geographic name as entry element | Management |
| General subdivision | Handbooks |
| -- | Manuals |
| 700 ## - ADDED ENTRY--PERSONAL NAME | |
| Personal name | Jaffe, Brian |
| 942 ## - ADDED ENTRY ELEMENTS (KOHA) | |
| Koha item type | Books |
| Source of classification or shelving scheme | Library of Congress Classification |
| Call number prefix | Foreign |
| Withdrawn status | Lost status | Source of classification or shelving scheme | Damaged status | Home library | Current library | Shelving location | Date acquired | Source of acquisition | Cost, normal purchase price | Total Checkouts | Full call number | Barcode | Date last seen | Copy number | Price effective from | Koha item type |
|---|---|---|---|---|---|---|---|---|---|---|---|---|---|---|---|---|
| Library of Congress Classification | College Library | College Library | General Circulation Section | 10/03/2011 | Donation | 3498.00 | HD 30.2 .H656 2010 | C12553 | 05/15/2018 | 1 | 10/18/2013 | Books |